000 02293nam a2200421 a 4500
003 Mxchpua
005 20250126220426.0
007 ta
008 250126s2024 mx abdofs|||| 001 0 spa d
040 _amxchpua
090 _aT.C.958
_bL36 SAI
_c2024
245 1 0 _aSistema Vino en Coahuila, Zacatecas y Aguascalientes /
_ccoordinadores Patricia Landa Salgado y Víctor Rivera Salvador ; colaboradores Jimena Ayohua Marcelino...[y otros]
260 _aChapingo, México :
_bEl autor,
_c2024
300 _a1 recurso en línea (105 páginas) :
_bilustraciones, mapas, gráficas, diagramas, tablas, fotos
336 _2rdacontent
_aTexto
_btxt
337 _2rdamedia
_acomputadora
_bc
338 _2rdacarrier
_arecurso en línea
_bcr
500 _aGrado 6° ; Grupo 4
502 _aViaje de Estudios
_b(SAI) --
_cUACh. Departamento de Ingeniería Agroindustrial,
_d2024
504 _aBibliografía: páginas 93-97
505 0 _aVisitas:
_t1. Cervecera Desert Brew Co. -- 2. Casa Madero -- 3. Viñedos RGMX -- 4. Sistema municipal de Aguas y Sanidad de Parras -- 5. Oficinas de SADER y FIRA -- 6. Unidad Regional Universitaria de Zonas Áridas -- 7. Asociación de Cebada -- 8. Cervecería Piedra Negra -- 9. Cervecería de VetaGrande -- 10. Grupo Modelo -- 11. Oficina de FIRA -- 12. Vinícola El Aguaje -- 13. Vinícola Bodegas Origen -- 14. Vinícola Tierra Tinta -- 15. Cervecería Agata
650 1 3 _aIndustria del vino
_zMéxico
_zCoahuila
_9159563
650 1 3 _aIndustria del vino
_zMéxico
_zAguascalientes
_9189917
650 1 3 _aIndustria del vino
_zMéxico
_zZacatecas
_9189918
650 1 3 _aCalidad del vino
_9156221
650 1 3 _aVinificación
_9151244
650 1 3 _aEncuestas al consumidor
_9185730
650 1 3 _aWine industry
_zMexico
_zCoahuila
_9159565
650 1 3 _aWine industry
_zMexico
_zAguascalientes
_9189919
650 1 3 _aWine industry
_zMexico
_zZacatecas
_9189920
650 1 3 _aWine quality
_9156223
650 1 3 _aWinemaking
_9151246
650 1 3 _aConsumer surveys
_9185731
700 1 _aLanda Salgado, Patricia
_9148104
_ecoordinadora
700 1 _aRivera Salvador, Víctor
_9152488
_ecoordinador
700 1 _aAyohua Marcelino, Jimena
_9189921
_ecolaboradora
856 4 0 _uhttp://10.13.5.2/ve/TC958_SAI/TC958_SAI_2024-REPORTE.pdf
_yDESCARGAR REPORTE
999 _c220379
_d220379